| 000 | 00418cam a22001217a 4500 | ||
|---|---|---|---|
| 008 | 180718b1963 xxu||||| |||| 00| 0 eng d | ||
| 082 | _aA81x54 In2/61/2/Pt 7B/2 | ||
| 100 | _aCensus of India 1961 | ||
| 245 | _aAndhra Pradesh: fairs and festivals (Kurnool district) | ||
| 260 |
_aDelhi _bThe Manager of Publications _c1963 |
||
| 300 | _a174+p. | ||
| 440 | _aCensus of India 1961. Volume II, Andhra Pradesh. Part VII-B (II) | ||
| 999 |
_c484039 _d484039 |
||